[Event "BOL-ch U16"]
[Site "Cochabamba"]
[Date "2023.01.13"]
[Round "1"]
[White "Villegas Colque, Joel Francisco"]
[Black "Yujra Paredez, Ignacio Tadeo"]
[Result "0-1"]
[WhiteElo "1155"]
[BlackElo "1590"]
[PlyCount "42"]
[EventDate "2023.01.13"]
[EventType "swiss"]
[EventRounds "7"]
[EventCountry "BOL"]
[SourceTitle "EXT 2024"]
[Source "ChessBase"]
[SourceDate "2023.10.10"]
[SourceVersion "1"]
[SourceVersionDate "2023.10.10"]
[SourceQuality "1"]

1. e4 c5 2. Nf3 Nc6 3. Bc4 g6 4. Nc3 Bg7 5. Ng5 e6 6. d3 Nge7 7. Bd2 0-0 8. 0-0 d5 9. exd5 exd5 10. Bb5 Nd4 11. Ba4 h6 12. Nf3 Bg4 13. h3 Nxf3+ 14. gxf3 Bxh3 15. Re1 a6 16. Bb3 b5 17. a3 c4 18. dxc4 dxc4 19. Ba2 Nf5 20. Re4 Nd6 21. Re3 Qg5+ 0-1